[Event "NOR-chT Clubs"]
[Site "Drammen"]
[Date "2022.05.26"]
[Round "2"]
[White "Djurhuus, Rune"]
[Black "Rukovci, Shemsi"]
[Result "0-1"]
[WhiteElo "2396"]
[BlackElo "1955"]
[PlyCount "91"]
[EventDate "2022.05.26"]
[EventType "team-swiss"]
[EventRounds "6"]
[EventCountry "NOR"]
[SourceTitle "EXT 2024"]
[Source "ChessBase"]
[SourceDate "2023.10.10"]
[SourceVersion "1"]
[SourceVersionDate "2023.10.10"]
[SourceQuality "1"]
[WhiteTeam "Nordstrand"]
[BlackTeam "Indre Ostfold"]
[WhiteTeamCountry "NOR"]
[BlackTeamCountry "NOR"]

1. e4 e5 2. Nf3 Nf6 3. Nc3 Bb4 4. Bc4 0-0 5. d3 d5 6. exd5 Nxd5 7. Bd2 Bxc3 8. bxc3 Nc6 9. h3 Be6 10. Ng5 Qd7 11. Nxe6 Qxe6 12. 0-0 Qd6 13. Re1 Kh8 14. Rb1 Nb6 15. Bb3 Na5 16. c4 Nc6 17. Be3 Nd4 18. c3 Nxb3 19. axb3 Nd7 20. d4 exd4 21. cxd4 Qg6 22. Bf4 Rac8 23. Ra1 Qf5 24. Bh2 a6 25. Re7 Rfd8 26. Qe2 h6 27. Rd1 c6 28. d5 cxd5 29. Rxd5 Qxd5 30. cxd5 Rc1+ 31. Qf1 Rxf1+ 32. Kxf1 Nf6 33. Rxf7 Rxd5 34. Rxb7 Ne4 35. Bf4 Nc3 36. g4 Kh7 37. Kg2 Ne4 38. Re7 Nf6 39. Be5 Kg6 40. f4 h5 41. g5 Rd2+ 42. Kf3 Rd3+ 43. Ke2 Re3+ 44. Kd2 Rxh3 45. gxf6 gxf6 46. Re6 0-1

[Event "NOR-chT Clubs"]
[Site "Drammen"]
[Date "2022.05.26"]
[Round "6"]
[White "Rukovci, Shemsi"]
[Black "Nilssen, Stale"]
[Result "1/2-1/2"]
[WhiteElo "1955"]
[BlackElo "1569"]
[PlyCount "98"]
[EventDate "2022.05.26"]
[EventType "team-swiss"]
[EventRounds "6"]
[EventCountry "NOR"]
[SourceTitle "EXT 2024"]
[Source "ChessBase"]
[SourceDate "2023.10.10"]
[SourceVersion "1"]
[SourceVersionDate "2023.10.10"]
[SourceQuality "1"]
[WhiteTeam "Indre Ostfold"]
[BlackTeam "Asker III"]
[WhiteTeamCountry "NOR"]
[BlackTeamCountry "NOR"]

1. e4 c6 2. Qe2 d5 3. d3 dxe4 4. dxe4 e5 5. Be3 Nf6 6. Nd2 Be7 7. 0-0-0 Qa5 8. Kb1 Be6 9. c4 Na6 10. Ngf3 Ng4 11. Nb3 Qb4 12. Bd2 Qb6 13. Be1 Bb4 14. Ng5 c5 15. Nxe6 Qxe6 16. f3 Bxe1 17. Qxe1 Nf6 18. Qf2 b6 19. h4 Nh5 20. g3 Rd8 21. Rxd8+ Kxd8 22. Bh3 Qd6 23. Qe3 Kc7 24. f4 Rd8 25. fxe5 Qxe5 26. Rf1 f6 27. Rf3 g6 28. a3 Nb8 29. g4 Ng7 30. g5 Nh5 31. gxf6 Nxf6 32. Qf4 Qxf4 33. Rxf4 Rf8 34. Kc2 Nc6 35. Nc1 Ne5 36. b3 Kd6 37. Rf1 Ke7 38. Nd3 Nxd3 39. Kxd3 Rd8+ 40. Ke3 Rd4 41. Bg2 Nh5 42. Bf3 Nf6 43. Rg1 Nd7 44. Be2 Ne5 45. h5 Kf6 46. hxg6 hxg6 47. Rf1+ Kg7 48. Rc1 Kf6 49. Rh1 Kg7 1/2-1/2

[Event "KOS-chT"]
[Site "Pristina"]
[Date "2018.05.13"]
[Round "7.3"]
[White "Bimbashi, Hamze"]
[Black "Rukovci, Shemsi"]
[Result "1/2-1/2"]
[WhiteElo "2018"]
[BlackElo "1993"]
[PlyCount "52"]
[EventDate "2018.05.07"]
[EventType "team-tourn"]
[EventRounds "7"]
[EventCountry "KOS"]
[SourceTitle "EXT 2019"]
[Source "ChessBase"]
[SourceDate "2018.10.10"]
[SourceVersion "1"]
[SourceVersionDate "2018.10.10"]
[SourceQuality "1"]
[WhiteTeam "Fushe Kosova"]
[BlackTeam "Decani"]
[WhiteTeamCountry "KOS"]
[BlackTeamCountry "KOS"]

1. e4 e5 2. Nf3 Nc6 3. Nc3 Nf6 4. d4 Bb4 5. d5 Ne7 6. Qd3 Bxc3+ 7. bxc3 d6 8. c4 b6 9. g3 0-0 10. Bg2 h6 11. 0-0 Nh7 12. Nh4 f5 13. exf5 Bxf5 14. Nxf5 Nxf5 15. Be4 Qf6 16. Bxf5 Qxf5 17. Qxf5 Rxf5 18. Be3 Raf8 19. Kg2 Rf3 20. a4 a5 21. Ra3 Ng5 22. Bc1 e4 23. Re3 Kh7 24. h4 Rxe3 25. Bxe3 Nf3 26. Rd1 Kg6 1/2-1/2

[Event "Ski Follosjakken Grand Prix 1"]
[Site "Ski"]
[Date "2018.03.24"]
[Round "2"]
[White "Risting, Eivind Olav"]
[Black "Rukovci, Shemsi"]
[Result "1-0"]
[WhiteElo "2045"]
[BlackElo "2000"]
[PlyCount "121"]
[EventDate "2018.03.24"]
[EventType "swiss (rapid)"]
[EventRounds "6"]
[EventCountry "NOR"]
[SourceTitle "EXT 2024"]
[Source "ChessBase"]
[SourceDate "2023.10.10"]
[SourceVersion "1"]
[SourceVersionDate "2023.10.10"]
[SourceQuality "1"]

1. Nf3 d5 2. g3 Nf6 3. Bg2 Nc6 4. d4 Bg4 5. 0-0 e6 6. Nbd2 Be7 7. b3 0-0 8. Bb2 Re8 9. c4 Bb4 10. Rc1 a5 11. a3 Bxd2 12. Qxd2 Ne7 13. Ne5 Bf5 14. Rfd1 c6 15. Qe1 Qb6 16. Qc3 Ng6 17. c5 Qa6 18. Bf1 Qa7 19. f3 Nxe5 20. dxe5 Nd7 21. Qe3 Rac8 22. Bd4 Qb8 23. h4 f6 24. f4 fxe5 25. fxe5 Rf8 26. Bg2 Rf7 27. Bf3 Rcf8 28. Rf1 Qd8 29. Kg2 Kh8 30. b4 a4 31. Qd2 Be4 32. Qe3 Bxf3+ 33. Rxf3 Qe7 34. Rcf1 h6 35. Qc3 Kh7 36. Qc2+ Kh8 37. Qxa4 g5 38. hxg5 Rxf3 39. Rxf3 Rxf3 40. exf3 Qxg5 41. Qa8+ Kh7 42. Qxb7 Qg7 43. Qxc6 Nf8 44. Qe8 Kg8 45. c6 Qh7 46. Bf2 d4 47. Bxd4 Qc2+ 48. Bf2 Qc3 49. b5 Kg7 50. b6 Ng6 51. Qxe6 Nxe5 52. Qf5 Nxc6 53. b7 Nb8 54. Qc8 Qe5 55. Qc4 Kg6 56. Qe4+ Qxe4 57. fxe4 Kf6 58. Ba7 Nc6 59. b8Q Nxb8 60. Bxb8 Ke6 61. a4 1-0

[Event "Oslo Nordstrand op"]
[Site "Oslo"]
[Date "2017.04.21"]
[Round "1"]
[White "Al Tarbosh, Ward"]
[Black "Rukovci, Shemsi"]
[Result "1/2-1/2"]
[WhiteElo "2219"]
[BlackElo "2026"]
[PlyCount "105"]
[EventDate "2017.04.21"]
[EventType "swiss"]
[EventRounds "5"]
[EventCountry "NOR"]
[SourceTitle "CBM 178 Extra"]
[Source "ChessBase"]
[SourceDate "2017.06.22"]
[SourceVersion "1"]
[SourceVersionDate "2017.06.22"]
[SourceQuality "1"]

1. e4 d5 2. exd5 Nf6 3. d4 c6 4. dxc6 Nxc6 5. c3 e5 6. Bb5 exd4 7. Qxd4 Bd7 8. Bxc6 Bxc6 9. Qxd8+ Rxd8 10. Nf3 Bxf3 11. gxf3 Rd5 12. Be3 a6 13. Nd2 Be7 14. Ne4 Nd7 15. Rg1 f5 16. Nd2 0-0 17. Bd4 Bf6 18. Bxf6 Rxf6 19. 0-0-0 Ne5 20. Kc2 Re6 21. Rgf1 Rh6 22. Rfe1 Nd3 23. Re3 Rhd6 24. Nc4 Nb4+ 25. cxb4 Rxd1 26. Nxd6 Rxd6 27. Re5 Rh6 28. Kd2 Rxh2 29. Ke2 Rh4 30. a3 Rc4 31. Kd3 Rf4 32. Ke3 Rc4 33. Re8+ Kf7 34. Rb8 f4+ 35. Kd3 Rc7 36. Ke4 g5 37. Kf5 h6 38. a4 Rd7 39. b3 Rd5+ 40. Kg4 Rd7 41. Kh5 Kg7 42. b5 axb5 43. axb5 Rd3 44. Rxb7+ Kf6 45. Kg4 h5+ 46. Kxh5 Rxf3 47. Kg4 Rxf2 48. Rb6+ Ke5 49. Kxg5 Rg2+ 50. Kh4 Rb2 51. Rb8 Rxb3 52. Re8+ Kd6 53. Kg4 1/2-1/2

[Event "Nordstrand GP"]
[Site "Oslo"]
[Date "2016.04.15"]
[Round "2"]
[White "Haug, Johannes"]
[Black "Rukovci, Shemsi"]
[Result "1-0"]
[WhiteElo "2244"]
[BlackElo "2011"]
[PlyCount "87"]
[EventDate "2016.04.15"]
[EventType "swiss"]
[EventRounds "5"]
[EventCountry "NOR"]
[SourceTitle "EXT 2018"]
[Source "ChessBase"]
[SourceDate "2017.10.13"]
[SourceVersion "1"]
[SourceVersionDate "2017.10.13"]
[SourceQuality "1"]

1. e4 e6 2. d4 d5 3. Nd2 g6 4. Ngf3 Bg7 5. c3 Ne7 6. Bd3 b6 7. 0-0 0-0 8. Qe2 Bb7 9. e5 c5 10. b4 c4 11. Bc2 a6 12. a4 Ra7 13. Re1 Kh8 14. Nf1 Ng8 15. Bg5 Qe8 16. Qd2 Bc8 17. h3 Nd7 18. N1h2 f6 19. exf6 Ndxf6 20. Ne5 Ne7 21. Nhg4 Nc6 22. Nf3 Nxg4 23. hxg4 Nd8 24. Bf4 Nf7 25. g3 Qd8 26. g5 Nd6 27. Ne5 Nf7 28. Nc6 Qd7 29. Nxa7 Qxa7 30. Bd1 Qe7 31. Bg4 Nd6 32. Bxd6 Qxd6 33. f4 Kg8 34. Re3 Kf7 35. Rae1 Re8 36. Qe2 Bd7 37. Kg2 Bh8 38. f5 gxf5 39. Bh5+ Kf8 40. Bxe8 Bxe8 41. Rxe6 Qxg3+ 42. Kxg3 f4+ 43. Kf2 Bxd4+ 44. cxd4 1-0